Les 10 meilleurs passeurs de la ligue des nations 24/25. - Statistiques

Statistiques générales
  • Ce quiz a été pris 9 fois
  • Le résultat moyen est 2 sur 10
Statistiques - réponses
CLASSEMENT JOUEURS % Correct
2 NUNO MENDES (5)
100%
1 KIMMICH (6)
43%
8 DIGNE (3)
29%
6 MUSIALA (3)
29%
3 GYOKERES (4)
14%
5 AYDIN (3)
0%
9 BAKASETAS (3)
0%
4 BAUMGARTNER (4)
0%
10 SHEA CHARLES (3)
0%
7 SKOV OLSEN (3)
0%
Aucun quiz correspondant
Distribution des résultats
% des personnes avec chaque résultat
Percentile par nombre de réponses
Votre historique - résultats
Vous n’avez pas pris ce quiz